00561nam a22001697a 4500003000400000005001700004008004100021020001500062040000700077100002400084245009700108260003600205300002100241500006400262650002600326700003900352OSt20181019061146.0180316b xxu||||| |||| 00| 0 spa d a9501405389 cPJ aBertolino, Pedro J.13aLa verdad jurídica objetiva /cPedro J. Bertolino; prólogo del Dr. Lino Enrique Palacio. aBuenos Aires :bDepalma,c1990. a130 p. c23 cm.  aCitas y notas bibliográficas al pie de algunas páginas. aFILOSOFIA DEL DERECHO aPalacio, Lino Enriqueeprologuista